Red Hot Chili Peppers: Albums by Cover - Statistics

General Stats
  • This quiz has been taken 88 times
  • The average score is 9 of 13
Answer Stats
Picture Hint Answer % Correct
1999 Californication
94%
2006 Stadium Arcadium
94%
2002 By the Way
88%
1991 Blood Sugar Sex Magik
86%
1989 Mother's Milk
83%
1995 One Hot Minute
74%
1984 The Red Hot Chili Peppers
71%
1985 Freaky Styley
64%
2016 The Getaway
64%
2022 Return of the Dream Canteen
58%
2022 Unlimited Love
58%
2011 I'm with You
56%
1987 The Uplift Mofo Party Plan
51%
No matching quizzes found
Score Distribution
Percent of People with Each Score
Percentile by Number Answered
Your Score History
You have not taken this quiz